|
|
|
|
| LEADER |
01725nam a2200409Ia 4500 |
| 001 |
EBC3445584 |
| 003 |
MiAaPQ |
| 005 |
20200520144314.0 |
| 006 |
m o d | |
| 007 |
cr cn||||||||| |
| 008 |
050513s2005 ne ac sb 000 0 eng d |
| 020 |
|
|
|z 9076998507 (pbk.)
|
| 020 |
|
|
|z 9789076998503
|
| 020 |
|
|
|z 9789086865604
|
| 035 |
|
|
|a (MiAaPQ)EBC3445584
|
| 035 |
|
|
|a (Au-PeEL)EBL3445584
|
| 035 |
|
|
|a (CaPaEBR)ebr10686775
|
| 035 |
|
|
|a (OCoLC)846996347
|
| 040 |
|
|
|a MiAaPQ
|c MiAaPQ
|d MiAaPQ
|
| 050 |
|
4 |
|a RA643.86.A357
|b M854 2005
|
| 100 |
1 |
|
|a Muller, Tanja R.
|
| 245 |
1 |
0 |
|a HIV/AIDS and human development in sub-Saharan Africa
|h [electronic resource] :
|b impact mitigation through agricultural interventions : an overview and annotated bibliography /
|c Tanja R. Muller.
|
| 260 |
|
|
|a Wageningen :
|b Wageningen Academic Publishers,
|c 2005.
|
| 300 |
|
|
|a 131 p. :
|b ill., port.
|
| 490 |
1 |
|
|a AWLAE series,
|x 1574-2474 ;
|v no. 3
|
| 504 |
|
|
|a Includes bibliographical references.
|
| 533 |
|
|
|a Electronic reproduction. Ann Arbor, MI : ProQuest, 2015. Available via World Wide Web. Access may be limited to ProQuest affiliated libraries.
|
| 650 |
|
0 |
|a AIDS (Disease)
|z Africa, Sub-Saharan.
|
| 650 |
|
0 |
|a HIV infections
|z Africa, Sub-Saharan.
|
| 650 |
|
0 |
|a AIDS (Disease)
|x Social aspects
|z Africa, Sub-Saharan.
|
| 650 |
|
0 |
|a HIV infections
|x Social aspects
|z Africa, Sub-Saharan.
|
| 650 |
|
0 |
|a AIDS (Disease)
|z Africa, Sub-Saharan
|v Bibliography.
|
| 650 |
|
0 |
|a HIV infections
|z Africa, Sub-Saharan
|v Bibliography.
|
| 655 |
|
4 |
|a Electronic books.
|
| 710 |
2 |
|
|a ProQuest (Firm)
|
| 830 |
|
0 |
|a AWLAE series ;
|v no. 3.
|
| 856 |
4 |
0 |
|u https://ebookcentral.proquest.com/lib/matrademy/detail.action?docID=3445584
|z Click to View
|